Algunos problemas de la lucha ideológica en América Latina /
Guardado en:
| Hovedforfatter: | |
|---|---|
| Andre forfattere: | |
| Format: | Texto |
| Tags: |
Tilføj Tag
Ingen Tags, Vær først til at tagge denne postø!
|
MARC
| LEADER | 00000 a a2200000 04500 | ||
|---|---|---|---|
| 001 | 16399 | ||
| 003 | |||
| 040 | |||
| 100 | |a Mosquera, Alvaro | ||
| 245 | |a Algunos problemas de la lucha ideológica en América Latina / |c Alvaro Mosquera | ||
| 700 | |a Soares, José |a Vásquez, Pedro | ||
| 773 | |g número 8; páginas 70-75 | ||
| 999 | |c 30891 |d 30891 | ||
